If You Have Ghosts Lyrics-Ghost - Statistics

General Stats
  • This quiz has been taken 97 times
  • The average score is 158 of 174
Answer Stats
Answer % Correct
ghosts
100%
have
100%
I
100%
If
100%
you
100%
You
100%
a
97%
And
97%
do
97%
everything
97%
want
97%
can
94%
say
94%
the
94%
The
94%
to
94%
am
91%
anything
91%
is
91%
me
91%
of
91%
part
91%
don't
88%
it
88%
too
88%
long
84%
my
84%
never
84%
that
84%
does
81%
In
81%
night
81%
One
81%
left
78%
real
78%
fangs
75%
moon
72%
call
69%
surprise
66%
wind
66%
there
63%
thoughts
63%
forever
47%
No matching quizzes found
Score Distribution
Percent of People with Each Score
Percentile by Number Answered
Your Score History
You have not taken this quiz